| 000 | 003970000a22001810004500 | ||
|---|---|---|---|
| 005 | 20120302062243.0 | ||
| 942 | _cBOOK | ||
| 100 | _a Janardanswami | ||
| 245 | _a Sulabha Saanghik Aasane:Bhag-2 | ||
| 260 | _aNagpur:Yogabhyasi Mandal, | ||
| 300 | _a32p. | ||
| 040 | _aMAR | ||
| 365 | _b00.75/- | ||
| 650 | _aAarogya | ||
| 650 | _aVyaayaam | ||
| 650 | _aAasane | ||
| 650 | _aSaanghik Aasane | ||
| 999 |
_c356199 _d356196 |
||